[Event "RUS-ch Rapid 2021"]
[Site "Sochi"]
[Date "2021.10.12"]
[Round "2.18"]
[White "Khanin, Semen"]
[Black "Taysayev, Timur"]
[Result "1-0"]
[WhiteElo "2521"]
[BlackElo "2217"]
[Annotator "TA"]
[PlyCount "63"]
[EventDate "2021.10.12"]
[EventType "swiss"]
[EventCountry "RUS"]
[SourceTitle "playchess.com"]
[Source "ChessBase"]
[SourceQuality "1"]

{[%evp 22,63,56,11,0,0,0,0,0,0,0,0,0,0,0,0,0,0,0,0,0,0,0,0,9,0,0,0,0,0,0,0,0,0,0,0,0,0,1337,1299,12833,12833,12837,12837]} 1. e4 c5 2. Nf3 d6 3. d4 cxd4 4. Nxd4 Nf6 5. Nc3 Nc6 6. Bg5 e6 7. Qd2 Be7 8. O-O-O O-O 9. f3 a6 10. h4 Nxd4 11. Qxd4 Qa5 12. Kb1 b5 {B63: Sicilian: Richter-Rauzer: 7...Be7 and unusual Black 7th moves.} 13. e5 {is the legacy move (13.Qd2).} dxe5 14. Qxe5 Bb7 {The position is equal.} 15. Bd3 Rac8 16. Ne4 Bxe4 17. Bxe4 Nxe4 18. Qxe4 Qc7 19. Bxe7 Qxe7 20. Rd4 Rfd8 21. Rhd1 h6 {[#]} (21... Rxd4 {seems wilder.} 22. Rxd4 g6 23. c3 Rd8 24. Kc2 Rxd4 25. Qxd4 Qc7) 22. a3 $146 (22. c3 {feels hotter.} h5 23. Qe5 Rxd4 24. Rxd4 Rd8 25. a4) ({Predecessor:} 22. Qd3 Rxd4 23. Qxd4 {½-½ (23) Urbanec,K-Prucha,K Prague 1954}) 22... Qc7 (22... g6 {keeps more tension.} 23. c3 h5 24. Qe5 Rxd4 25. Rxd4 Rd8) 23. Rxd8+ Rxd8 24. Rxd8+ Qxd8 $11 {[%mdl 4096] Endgame KQ-KQ} 25. Qc6 Qxh4 {...Qh1+ is the strong threat.} 26. Qxa6 Qh1+ 27. Ka2 Qxg2 {[%mdl 64] [#] Threatens to win with ...Qe2. Double Attack} 28. Qxb5 Qxf3 29. a4 {[%cal Ba3a4,Ba4a5,Ba5a6,Ba6a7][%mdl 32] aiming for a5.} h5 $2 {[%mdl 8192]} (29... g5 $11) 30. a5 $18 {White is clearly winning.} h4 31. a6 h3 32. a7 {Weighted Error Value: White=0.04/Black=0.04} 1-0

[Event "RUS-ch Rapid 2021"]
[Site "Sochi"]
[Date "2021.10.12"]
[Round "4.12"]
[White "Afanasiev, Nikita"]
[Black "Klukin, Kirill"]
[Result "1/2-1/2"]
[WhiteElo "2560"]
[BlackElo "2346"]
[Annotator "TA"]
[PlyCount "88"]
[EventDate "2021.10.12"]
[EventType "swiss"]
[EventCountry "RUS"]
[SourceTitle "playchess.com"]
[Source "ChessBase"]
[SourceQuality "1"]

{[%evp 18,88,16,7,-4,0,0,-15,33,18,28,27,25,10,28,27,45,41,74,66,50,52,35,33,32,29,99,60,53,54,54,61,52,53,58,60,69,85,100,101,75,102,199,173,172,164,216,189,203,98,130,-8,-8,-120,-89,-103,-117,-107,-99,-102,-18,-18,-18,-25,0,0,0,-19,0,0,0,-39,0]} 1. Nf3 Nf6 2. g3 d5 3. Bg2 e6 4. O-O Be7 5. c4 O-O 6. b3 b6 7. Bb2 Bb7 8. e3 c5 9. Qe2 Nc6 10. d3 Qd7 {A14: English Opening: 1...e6 with b3 by White.} 11. Nbd2 Rfd8 12. Rfd1 a6 {The position is equal.} 13. Rac1 Rac8 {[#]} 14. cxd5 $146 ({Predecessor:} 14. d4 cxd4 15. Nxd4 Nxd4 16. Bxd4 b5 17. Nf3 Ba3 18. Rb1 Qe7 19. cxb5 axb5 20. Qxb5 {1-0 (41) Conquest,S (2430)-Levitt,J (2455) Southampton 1986}) 14... exd5 15. d4 Qc7 16. Ne5 Nxe5 17. dxe5 Nd7 18. f4 b5 19. Nf3 c4 20. Bh3 {Black must now prevent e6.} Nc5 21. Nd4 Ne4 (21... Rb8 $11) 22. Bf5 g6 23. Bxe4 dxe4 24. bxc4 bxc4 25. Bc3 Bd5 26. f5 Bc5 27. Rf1 Re8 28. e6 fxe6 29. fxg6 e5 (29... hxg6 $16 {was worth a try.} 30. Qg4 Qg7) 30. gxh7+ Qxh7 31. Nf5 Qg6 (31... Qh3 $142) 32. Rf2 Rcd8 {[#]} 33. Rcf1 (33. Kh1 $1 $18 {has better winning chances.}) 33... Be6 $16 {[#]} 34. Bxe5 ({White should play} 34. g4 $1 $16) 34... Rd5 $1 $11 {[%cal Rd5e5]} 35. Bd4 (35. Qb2 $11 {keeps the balance.}) 35... Rxf5 $17 {[%mdl 64] Remove Defender} 36. Rxf5 Bxd4 37. Ra5 Bg7 38. Rxa6 c3 (38... Qg5 $17 {And now ...Qc5 would win.} 39. Rc6 Qd5) 39. Qb5 $1 $11 Rc8 40. Qb7 Qe8 {Threatens to win with ...Qd7.} 41. Ra7 {[%csl Ga7][%cal Rb7g7]} Qg6 42. Ra6 {aiming for Qxc8+!} Qe8 43. Ra7 {[%csl Ga7][%cal Rb7g7]} Qg6 44. Ra6 {Hoping for Qxc8+!} Qe8 {Weighted Error Value: White=0.16/Black=0.18} 1/2-1/2

[Event "RUS-ch Rapid 2021"]
[Site "Sochi"]
[Date "2021.10.12"]
[Round "4.23"]
[White "Kezin, Roman"]
[Black "Khubukshanov, Erdem"]
[Result "1-0"]
[WhiteElo "2492"]
[BlackElo "2373"]
[Annotator "TA"]
[PlyCount "43"]
[EventDate "2021.10.12"]
[EventType "swiss"]
[EventCountry "RUS"]
[SourceTitle "playchess.com"]
[Source "ChessBase"]
[SourceQuality "1"]

{[%evp 17,43,6,15,18,17,24,22,29,12,22,22,12,20,18,29,24,31,18,44,35,161,145,580,580,583,625,629,629]} 1. d4 d5 2. c4 e6 3. Nf3 Nf6 4. g3 Be7 5. Bg2 O-O 6. O-O c6 7. Qc2 b6 8. Nbd2 Bb7 9. e4 Na6 10. a3 {E06: Closed Catalan: Early deviations.} c5 {[%cal Rd5e4]} 11. exd5 exd5 12. dxc5 {The position is equal.} Nxc5 13. b4 Ne6 14. Rd1 Rc8 {White should prevent ...dxc4.} 15. Bb2 {[#]} Qc7 $146 {[%cal Rd5c4]} ({Predecessor:} 15... a5 16. b5 Qc7 17. Be5 Qc5 18. Ne1 Ng4 19. Nd3 Qxb5 20. Rab1 Qa6 21. Ba1 dxc4 {1-0 (38) Meier,G (3046)-Tica,S (2667) Chess.com INT 2020}) 16. Be5 Qc6 17. Rac1 Rfd8 18. Nh4 Ne4 (18... Ng4 $14 19. Nf5 Qd7) 19. Nf5 $18 Bg5 {[%mdl 8192] [#]} (19... Qe8 $16 {is more resistant.}) 20. f4 {White is clearly winning.} g6 21. Nxe4 ({Not} 21. fxg5 gxf5 22. Nxe4 dxe4 $14) 21... dxe4 22. Nd6 {[%mdl 64] Double Attack.  Weighted Error Value: White=0.03/Black=0.86} ({Less strong is} 22. fxg5 gxf5 23. Ba1 Rxd1+ 24. Rxd1 Nxg5 $14) 1-0

[Event "RUS-ch Rapid 2021"]
[Site "Sochi"]
[Date "2021.10.12"]
[Round "4.24"]
[White "Vlassow, Valentin"]
[Black "Iljiushenok, Ilia"]
[Result "0-1"]
[WhiteElo "2238"]
[BlackElo "2554"]
[Annotator "TA"]
[PlyCount "106"]
[EventDate "2021.10.12"]
[EventType "swiss"]
[EventCountry "RUS"]
[SourceTitle "playchess.com"]
[Source "ChessBase"]
[SourceQuality "1"]

{[%evp 12,106,2,0,29,13,35,12,33,5,5,-76,2,6,0,-52,-47,-48,-46,-47,-40,-52,-52,-62,-35,-66,-62,-58,-52,-122,-122,-143,-134,-133,-122,-127,-135,-135,-136,-147,-126,-147,-141,-137,-121,-136,-127,-143,-131,-181,-129,-305,-191,-191,-183,-245,-295,-276,-268,-256,-253,-662,-633,-839,-810,-804,-744,-1328,-1261,-1138,-1181,-1181,-918,-888,-1277,-1286,-1336,-856,-1041,-1428,-1056,-1440,-1380,-1386,-1281,-1249,-929,-12838,-12828,-12841,-12841,-12842,-12843,-12844,-12844,-12846,-12846]} 1. e4 c5 2. Nf3 d6 3. Bb5+ Nd7 4. d4 cxd4 5. Qxd4 a6 6. Bxd7+ Bxd7 7. Nc3 h6 {B51: Sicilian: Moscow Variation (3 Bb5+) without 3...Bd7.} 8. Be3 {[#] next e5 is good for White.} e6 $146 ({Predecessor:} 8... e5 9. Qd3 Nf6 10. h3 b5 11. Nd5 Nxd5 12. Qxd5 Be7 13. O-O O-O 14. Nd2 Qc7 15. c3 {0-1 (63) Wang,Z (1945)-Zou,C (2291) Hong Kong 2017}) 9. O-O-O Bc6 {The position is equal.} 10. Qb6 Nf6 11. Rhe1 (11. Qxd8+ $11 Rxd8 12. Bb6) 11... Be7 (11... Nxe4 $17 {White must now prevent ...Qxb6.} 12. Nxe4 Bxe4) 12. Qxd8+ $11 Rxd8 13. e5 ({White should try} 13. Bb6 $11) 13... Ng4 $15 14. Bb6 Rd7 15. exd6 Bxd6 16. h3 Nf6 17. Rd4 Ke7 18. Red1 Bxf3 19. gxf3 Rc8 20. Ne4 {[#]} (20. Ba5 $15) 20... Nd5 $1 $17 {Strongly threatening ...Bf4+.} 21. Nxd6 Rxd6 22. Ba5 Rdc6 23. c3 Rc4 24. a3 Kf6 25. Bd8+ Kf5 {Threatens to win with ...Rxd4.} 26. Bh4 g5 $36 {[%mdl 2048] Keeping White busy.} 27. Bg3 h5 28. h4 f6 29. Kc2 b5 30. Kb3 R8c5 (30... a5 $19 31. Rxc4 bxc4+ 32. Kc2 gxh4 33. Bxh4 Nf4) 31. Bd6 $2 {White does not recover from this.} (31. hxg5 $17 fxg5 32. R4d2) 31... Rc6 32. Bg3 a5 {[%cal Ba6a5,Ba5a4][%mdl 32]} 33. R1d2 (33. hxg5 $142 Rxd4 34. Rxd4) 33... a4+ 34. Kc2 Rxd4 35. Rxd4 $19 {[%mdl 4096] Endgame KRB-KRN} Rc4 36. Kd3 $2 (36. Rd1) 36... Nf4+ {Black is clearly winning.} 37. Ke3 {[%cal Rg3f4] intending Bxf4.} Ng2+ {[%mdl 64] [#] Double Attack} 38. Kd3 gxh4 39. Bh2 Ne1+ 40. Ke2 Rxd4 41. cxd4 {KB-KN} Ng2 42. Kd3 Nf4+ 43. Ke3 Nd5+ 44. Kd3 h3 45. Bg3 h4 46. Bh2 Nb6 47. Kc3 Nc4 48. Kc2 e5 49. Kc3 exd4+ 50. Kxd4 Nxb2 51. Kc5 Nc4 52. Kxb5 Nxa3+ 53. Kxa4 Nc4 {Weighted Error Value: White=0.67/Black=0.13} 0-1

[Event "RUS-ch Rapid 2021"]
[Site "Sochi"]
[Date "2021.10.12"]
[Round "5.15"]
[White "Iljiushenok, Ilia"]
[Black "Makarian, Rudik"]
[Result "1-0"]
[WhiteElo "2554"]
[BlackElo "2470"]
[Annotator "TA"]
[PlyCount "45"]
[EventDate "2021.10.12"]
[EventType "swiss"]
[EventCountry "RUS"]
[SourceTitle "playchess.com"]
[Source "ChessBase"]
[SourceQuality "1"]

{[%evp 10,45,35,0,27,44,46,23,31,27,17,27,28,12,49,0,83,0,66,0,-5,-6,-8,-71,67,62,469,468,462,0,0,0,0,0,201,210,874,877]} 1. e4 c5 2. Nf3 d6 3. d4 cxd4 4. Nxd4 Nf6 5. Nc3 a6 6. Rg1 h5 {B90: Sicilian Najdorf: Unusual White 6th moves, 6 Be3 Ng4 and 6 Be3 e5.} 7. Bg5 Nbd7 8. Qd2 {[#]} b5 $146 {White has an edge.} ({Predecessor:} 8... e6 9. O-O-O Qc7 10. f4 b5 11. Bd3 b4 12. Nce2 Bb7 13. Qe3 Ng4 14. Qg3 Nc5 {0-1 (46) Kovalev,V (2648)-Fedoseev,V (2676) Chess.com INT 2020}) 9. Bd3 Bb7 10. O-O-O Nc5 11. Rge1 e6 {[#]} 12. Nd5 $1 Rc8 {[#]} (12... exd5 $2 13. exd5+ Be7 14. Bxf6 $18) (12... Nxd3+ $11 13. Qxd3 exd5 14. exd5+ Kd7) (12... h4 13. Nb4) 13. Kb1 Nxd3 (13... exd5 $11 14. exd5+ Be7) 14. Qxd3 (14. Bxf6 $14 gxf6 15. Qxd3) 14... exd5 $11 15. exd5+ Kd7 $1 {With the idea ...Rc5.} ({Avoid the trap} 15... Be7 $2 16. Nf5 $18) 16. a4 (16. Bxf6 $11 {keeps the balance.} gxf6 17. Re3) 16... Qb6 ({Black should try} 16... bxa4 $17 17. Re2 Qb6) 17. axb5 Nxd5 $2 {[%mdl 8192]} (17... axb5 $14 18. Bxf6 (18. Nxb5 Bxd5 19. Bxf6 Bc4 $11 {[%mdl 64] Double Attack}) 18... gxf6) 18. c4 $18 Nb4 19. Qb3 ({White must play} 19. Qf5+ $18 Kc7 20. c5 (20. Qxf7+ Kb8 $15)) 19... Qc5 20. bxa6 Bxa6 21. Qa4+ Kc7 $2 (21... Nc6 $1 $11 22. Qxa6 Nxd4 23. Rxd4 Qxd4 24. Qb7+ Rc7 25. Qb5+ Rc6) 22. Bd2 {[%mdl 1024] White has strong compensation.} Rb8 (22... Qxd4 23. Bxb4 Qa7) 23. Bxb4 {Weighted Error Value: White=0.57/Black=0.80} 1-0

[Event "RUS-ch Rapid 2021"]
[Site "Sochi"]
[Date "2021.10.13"]
[Round "6.1"]
[White "Sarana, Alexey"]
[Black "Tsydypov, Zhamsaran"]
[Result "1/2-1/2"]
[WhiteElo "2649"]
[BlackElo "2526"]
[Annotator "TA"]
[PlyCount "141"]
[EventDate "2021.10.12"]
[EventType "swiss"]
[EventCountry "RUS"]
[SourceTitle "playchess.com"]
[Source "ChessBase"]
[SourceQuality "1"]

{[%evp 9,141,17,23,10,32,21,20,26,10,11,34,31,38,0,0,-75,-66,-77,-66,-67,-75,-169,-162,-175,-108,-100,-92,-95,-98,-104,-103,-118,-70,-293,-281,-280,-279,-507,-497,-452,-141,-133,-88,-93,-93,-91,-20,-166,-125,-139,-78,-87,-102,-105,-74,-74,-72,-72,-72,-72,-72,-72,-72,-72,-72,-72,-72,-72,-41,-72,-72,-105,-72,-105,-72,-105,-105,-105,-105,-105,-72,-105,-105,-105,-105,-105,-105,-105,-105,-105,-105,-105,-105,-105,-105,-105,-105,-105,-105,-105,-105,-105,-105,-105,0,0,0,0,0,0,0,0,0,0,0,0,0,0,0,0,0,0,0,0,0,0,0,0,0,0,0,-28000,-28000,-27997]} 1. d4 d5 2. c4 e6 3. Nf3 Nf6 4. Nc3 Be7 5. Bf4 O-O 6. a3 {D37: Queen's Gambit Declined: 5 Bf4.} Nbd7 7. Nb5 Ne8 8. e3 {The position is equal.} c6 9. Nc3 f5 {The old main line.} 10. h4 Nd6 {[#]} 11. c5 $146 ({Predecessor:} 11. Nd2 Nf6 12. g3 Nxc4 13. Nxc4 dxc4 14. Bxc4 Nd5 15. Ne2 b5 16. Bxd5 Qxd5 17. O-O {0-1 (40) Jobava,B (2722)-Khotenashvili,B (2504) Doha 2014}) 11... Ne4 12. Ng5 (12. Rc1 $11) 12... Nxg5 $17 13. hxg5 Bxg5 14. Qh5 h6 15. Bd3 (15. Bxg5 $17 Qxg5 16. Qxg5 hxg5 17. b4) 15... Bxf4 $19 16. exf4 {[#]} Qf6 (16... b6 $1 $19 17. Qe2 Re8) 17. Ne2 $17 b6 18. cxb6 axb6 19. Rc1 c5 20. Bb5 cxd4 21. Rxc8 $2 Raxc8 22. Bxd7 d3 (22... Rc2 23. O-O $19) 23. Bxc8 $2 (23. O-O Rc7 24. Nc1) 23... Rxc8 $19 24. O-O ({Much worse is} 24. Nc3 Rxc3 25. O-O (25. Qe8+ $2 Kh7 $19) 25... Rc2) 24... dxe2 (24... Qxb2 $19 {has better winning chances.} 25. Ng3 d2 26. Nxf5 exf5 27. Qxf5 Rc5) 25. Qxe2 {[%mdl 4096] Endgame KQR-KQR} Qe7 26. Re1 Rc6 27. b4 Qd6 ({Black should play} 27... d4 $17 28. Qd3 Qd6) 28. g3 (28. b5 $11 {and White is okay.} Rc5 29. Qxe6+ Qxe6 30. Rxe6) 28... d4 29. Rd1 Qd5 (29... Rc3 $142 30. a4 d3) 30. a4 Rc4 31. Qd2 Qf3 {Strongly threatening ...Rxb4!} 32. a5 {[#]} Rxb4 $1 33. axb6 Qc3 (33... Rxb6 {looks sharper.} 34. Qxd4 Rb2 35. Re1 Re2 36. Qd8+ Kh7) 34. b7 {aiming for Qxc3.} Qxd2 35. Rxd2 Rxb7 {White must now prevent ...Rb4.} 36. Rxd4 $17 {KR-KR} Kf7 37. Kg2 Kf6 38. Ra4 g5 39. fxg5+ hxg5 40. Ra6 Rb3 41. Rc6 Rd3 42. Ra6 Rd4 43. Kf3 Re4 44. Kg2 Re1 45. Kf3 g4+ 46. Kg2 Kg5 47. Ra8 e5 48. Rg8+ Kf6 49. Rf8+ Ke6 50. Kh2 Rd1 51. Kg2 Rd7 52. Ra8 Kd5 53. Ra1 Rc7 54. Rd1+ Ke6 55. Ra1 Rc2 56. Rd1 f4 ({Better is} 56... Rc4 $17 57. Rb1 Rc2) 57. gxf4 $11 exf4 58. Kf1 Kf5 59. Ra1 Kg5 60. Ra8 Rc1+ (60... Kh4 {is interesting.} 61. Rh8+ Kg5 62. Ra8) 61. Kg2 f3+ 62. Kh2 Rf1 63. Rg8+ Kf5 (63... Kf4 {is more complex.} 64. Rf8+ Ke4 65. Re8+ Kf4 66. Rf8+) 64. Rf8+ Ke5 65. Re8+ Kd4 (65... Kf6 $5 66. Kg3 $8 Kg6 $11) 66. Kg3 Rg1+ (66... Rb1 {seems wilder.} 67. Kxg4) 67. Kf4 Kd3 68. Re7 Kd2 69. Re3 g3 $2 {[%mdl 8192]} (69... Rg2 $11 70. Re4 Rg1) 70. Rxf3 {[#]} gxf2 $1 ({Weaker is} 70... g2 71. Kg3 $14) 71. Ke4 {[%mdl 32768] Weighted Error Value: White=0.24/Black=0.20. An unexpected result.} 1/2-1/2

[Event "RUS-ch Rapid 2021"]
[Site "Sochi"]
[Date "2021.10.13"]
[Round "6.3"]
[White "Alekseev, Evgeny"]
[Black "Moiseenko, Vadim"]
[Result "1/2-1/2"]
[WhiteElo "2602"]
[BlackElo "2542"]
[Annotator "TA"]
[PlyCount "105"]
[EventDate "2021.10.12"]
[EventType "swiss"]
[EventCountry "RUS"]
[SourceTitle "playchess.com"]
[Source "ChessBase"]
[SourceQuality "1"]

{[%evp 18,105,29,31,30,29,26,29,31,8,26,0,0,0,0,-49,0,0,38,11,15,0,136,122,126,122,229,225,217,228,208,225,242,247,233,245,244,238,238,237,275,275,420,422,421,411,428,427,400,388,607,563,516,489,460,434,769,768,928,917,891,887,868,755,847,741,731,731,723,709,702,691,675,665,658,0,629,622,608,10,25,0,545,0,538,531,476,427,300,0]} 1. e4 c5 2. Nf3 Nc6 3. d4 cxd4 4. Nxd4 Nf6 5. Nc3 d6 6. Bg5 e6 7. Qd2 a6 8. O-O-O Bd7 9. f3 Be7 10. h4 h6 {B67: Sicilian: Richter-Rauzer: 7...a6 8 0-0-0 Bd7, lines without 9 f4 Be7.} 11. Be3 h5 12. Bg5 {12.Kb1 is more fashionable.} Rc8 {White has an edge.} 13. Kb1 Ne5 14. Bd3 b5 15. Nce2 Qb6 {[#]} 16. Nb3 $5 $146 {[%mdl 8] New and interesting.} (16. Be3 $5 {[%cal Rd4e6]} Qb7 17. Bg5 $11) ({Predecessor:} 16. Rhe1 O-O 17. g4 hxg4 18. f4 Nc4 19. Bxc4 bxc4 20. e5 dxe5 21. fxe5 Ba3 22. b3 cxb3 23. axb3 {0-1 (33) Rydstrom,T (2310)-Fernandez,D (2472) Anogia 2018}) 16... O-O (16... Nc4 $5 {[%cal Rc4d2]} 17. Qe1 e5 $11) 17. Nf4 Nc4 18. Qe1 Rfe8 19. c3 a5 (19... b4 $11 {remains equal.}) 20. Bxf6 $16 Bxf6 21. Nxh5 a4 (21... Be7 $16) 22. Nxf6+ gxf6 23. Bxc4 bxc4 24. Qg3+ {[%mdl 64] Double Attack} Kf8 25. Qxd6+ ({Don't do} 25. Rxd6 $6 Qb8 $16) 25... Qxd6 26. Rxd6 axb3 27. Rxd7 bxa2+ 28. Kxa2 $18 {[%mdl 4096] Endgame KRR-KRR} Rc5 29. Rhd1 Rb8 (29... Rh5 {keeps fighting.} 30. R1d4 Rc8) 30. Rd8+ Rxd8 31. Rxd8+ {KR-KR} Ke7 32. Rd4 Rc8 33. g4 f5 (33... Ra8+ $142 34. Kb1 Rc8) 34. exf5 exf5 35. Rf4 fxg4 36. fxg4 f6 (36... Ra8+ $142 37. Kb1 Rc8) 37. g5 fxg5 38. hxg5 Ke6 39. g6 Ke5 40. Rf7 Ra8+ 41. Kb1 Ra6 42. g7 Rg6 43. Ra7 Kd5 44. Ka2 Kc5 {Now ...Rg1 and Black clings on.} 45. Ka3 Kb5 46. Ka2 $2 (46. Rb7+ $1 $18 Kc5 47. Ra7) 46... Rg1 $2 {[%mdl 8192]} (46... Kc5 $11 47. Rc7+ Kb5 48. Rb7+ Kc6) 47. Rf7 Kc5 48. Rf5+ $2 ({Better is} 48. Rc7+ $18 Kb5 49. Re7) 48... Kc6 $11 49. Rf7 $2 {[%mdl 8192]} (49. Ka3 $11) 49... Kc5 $1 $18 50. Ra7 $2 ({White should try} 50. Re7 $18 {Black must now prevent Rf7.} Kc6 51. b4) 50... Kb6 $2 {[%mdl 8192]} (50... Kb5 $11 {and Black stays safe.} 51. Rf7 Kc5) 51. Rd7 Kc6 {[#]} 52. Re7 Kd6 {[#]} 53. Rf7 $2 {Weighted Error Value: White=0.06/Black=0.41} ({Only move:} 53. Ra7 $1 $18) 1/2-1/2

[Event "RUS-ch Rapid 2021"]
[Site "Sochi"]
[Date "2021.10.13"]
[Round "6.5"]
[White "Khegay, Dmitriy"]
[Black "Lysyj, Igor"]
[Result "1/2-1/2"]
[WhiteElo "2521"]
[BlackElo "2603"]
[Annotator "TA"]
[PlyCount "19"]
[EventDate "2021.10.12"]
[EventType "swiss"]
[EventCountry "RUS"]
[SourceTitle "playchess.com"]
[Source "ChessBase"]
[SourceQuality "1"]

{[%evp 14,19,18,14,18,10,8,0]} 1. d4 Nf6 2. Bf4 e6 3. e3 c5 4. Nf3 cxd4 5. exd4 b6 6. Nbd2 Be7 7. c3 O-O 8. Bd3 {The position is equal.} Ba6 {A46: 1 d4 Nf6 2 Nf3 e6: Torre, London and Colle Systems.} 9. Bxa6 Nxa6 {[#]} 10. Nb1 $146 {Not much happened in this game. Not enough moves} ({Predecessor:} 10. O-O d6 11. Qe2 Nc7 12. Ne4 Ncd5 13. Bg3 Nxe4 14. Qxe4 Nf6 15. Qe2 Re8 16. Rfe1 {0-1 (56) Savanovic,A (2349)-Willow,J (2686) Chess.com INT 2018}) 1/2-1/2

[Event "RUS-ch Rapid 2021"]
[Site "Sochi"]
[Date "2021.10.13"]
[Round "6.6"]
[White "Riazantsev, Alexander"]
[Black "Murzin, Volodar"]
[Result "1-0"]
[WhiteElo "2634"]
[BlackElo "2513"]
[Annotator "TA"]
[PlyCount "57"]
[EventDate "2021.10.12"]
[EventType "swiss"]
[EventCountry "RUS"]
[SourceTitle "playchess.com"]
[Source "ChessBase"]
[SourceQuality "1"]

{[%evp 9,57,9,12,13,17,10,9,1,16,5,9,0,19,0,5,0,0,0,0,0,0,0,0,0,0,0,13,0,17,40,351,333,306,351,311,42,60,44,44,0,0,0,0,0,0,0,514,549,29994,1195]} 1. e4 c6 2. d4 d5 3. e5 Bf5 4. h4 h5 5. Bd3 Bxd3 6. Qxd3 {B12: Caro-Kann: Advance Variation.} Qa5+ 7. Nd2 {next e6! is good for White.} e6 8. Ngf3 {The position is equal.} Nh6 9. O-O Nf5 10. Nb3 {is cutting edge theory.} Qb5 11. Qd1 c5 12. a4 Qb6 13. dxc5 Bxc5 14. Nxc5 Qxc5 {[#]} 15. c3 $146 ({Predecessor:} 15. b3 Nc6 16. Bb2 d4 17. Qe2 Rd8 18. Qb5 Qb6 19. Ba3 Rd5 20. Qc4 Qd8 21. Rae1 Nxh4 22. Nxh4 Qxh4 {0-1 (35) Cornette,D (2400)-Alonso Rosell,A (2552) Barcelona 2020}) 15... Nc6 16. Re1 O-O 17. Bg5 Qb6 18. b4 Qc7 19. Rc1 f6 $2 {[%mdl 8192] [#]} ({Black should play} 19... Rac8 $14) 20. exf6 $1 $18 {[%mdl 64] Discovered Attack} gxf6 21. Rxe6 fxg5 22. Qxd5 $2 (22. Nxg5 $18 Qg7 23. Qxd5) 22... Kh8 $14 23. hxg5 Rad8 $1 {[%cal Rd8d5]} 24. Qe4 Ncd4 $1 {[%cal Rd4e6]} 25. Nxd4 Rxd4 26. Rh6+ {[%mdl 64] [#] Double Attack} Kg7 27. Qe6 {[%csl Gh6][%cal Re6g6]} Rd6 $2 {[%mdl 8192]} (27... Nxh6 $11 {and Black has nothing to worry.} 28. Qxh6+ {[%mdl 64] Double Attack} Kg8 29. Qg6+ Kh8 30. Qxh5+ Kg8 31. Qg6+ Kh8 32. Qh6+ Kg8 33. Qg6+ Kh8 34. Qh6+ Kg8 35. Qg6+) 28. Qe5+ $18 Kg8 29. Rh8+ {Weighted Error Value: White=0.19/Black=0.77} 1-0

[Event "RUS-ch Rapid 2021"]
[Site "Sochi"]
[Date "2021.10.13"]
[Round "6.7"]
[White "Bologan, Victor"]
[Black "Kukhmazov, Arsen"]
[Result "1-0"]
[WhiteElo "2574"]
[BlackElo "2472"]
[Annotator "TA"]
[PlyCount "79"]
[EventDate "2021.10.12"]
[EventType "swiss"]
[EventCountry "RUS"]
[SourceTitle "playchess.com"]
[Source "ChessBase"]
[SourceQuality "1"]

{[%evp 9,79,16,10,-6,-6,-12,-8,-5,-13,-18,-25,-32,-30,-38,-12,-43,-36,-79,-23,-18,-18,-23,32,-16,0,-15,-4,-22,-26,-27,-25,-47,-58,-62,-34,-29,5,0,7,0,0,3,8,8,9,5,7,4,4,4,50,41,92,91,123,123,108,69,120,69,144,174,269,226,268,117,179,127,273,260,998,711]} 1. e4 c6 2. d4 d5 3. e5 Bf5 4. Nf3 e6 5. Nbd2 c5 6. dxc5 {B12: Caro-Kann: Advance Variation.} Bxc5 7. Nb3 Bb6 8. Nfd4 {The position is equal.} Bg6 9. h4 {[#] And now h5 would win.} h5 $146 ({Predecessor:} 9... h6 10. h5 Bh7 11. Qg4 Kf8 12. Rh3 Ne7 13. Rg3 Rg8 14. Bd2 Nbc6 15. Qf4 Nxd4 16. Nxd4 Bxd4 17. Qxd4 {½-½ (26) Ledger,D (2268)-Lee,G (2249) England 2013}) 10. Bd3 Bxd3 11. Qxd3 Nc6 12. Bg5 Qc7 13. O-O-O Nxd4 (13... Nxe5 $17 14. Qb5+ Qd7) 14. Nxd4 $11 Bxd4 15. Qxd4 Nh6 (15... Ne7 $11) 16. Kb1 (16. Bxh6 $5 Rxh6 17. Rd3 $11) 16... Nf5 17. Qa4+ Qc6 18. Qa3 Rc8 19. Rd2 Qc5 20. Qb3 b5 21. f3 Qc4 22. Qa3 Qa4 23. Qxa4 bxa4 24. Rd3 Rc4 25. b3 $40 {[%mdl 128] White attacks.} axb3 26. axb3 Rd4 27. Rxd4 Nxd4 {[%mdl 4096] Endgame KRB-KRN} 28. Rd1 Nc6 29. c4 d4 30. Kc2 O-O (30... a5 $14) 31. Ra1 $16 Rb8 {[#]} 32. Bd2 $1 Rb7 33. f4 Kf8 (33... a5 $1 $14) 34. Ra4 (34. Ra3 $16) 34... Ke8 {[#]} (34... d3+ $1 $14 35. Kc3 (35. Kxd3 Rxb3+ 36. Bc3 Ke8 $14) 35... a5) 35. b4 $1 Ne7 (35... a6 $142 36. Kd3 (36. Rxa6 Nxb4+ 37. Bxb4 Rxb4 $16) 36... Ra7) 36. Be1 Nf5 37. Bf2 (37. Kd3 $18) 37... Kd7 (37... a6 $16 38. Kb3 (38. Rxa6 Rxb4 39. Kd3 Rb3+ 40. Ke4 Rc3 $17) 38... Rb6) 38. Kd3 (38. b5 $18) 38... Kc6 (38... a6 $16 {was called for.} 39. Bxd4 (39. Rxa6 Rxb4 40. Ra7+ Kc6 $11) 39... Kc8) 39. Bxd4 $18 Rd7 $2 (39... Nxh4 40. b5+ Kc7) 40. Ra6+ {Weighted Error Value: White=0.16/Black=0.27} 1-0